书目信息 |
| 题名: |
实用施工水力学
|
|
| 作者: | 李学海 , 韩继斌 , 饶冠生 编著 | |
| 分册: | ||
| 出版信息: | 武汉 长江出版社 2007.04 |
|
| 页数: | 235页 | |
| 开本: | 21cm | |
| 丛书名: | ||
| 单 册: | ||
| 中图分类: | TV135.5 | |
| 科图分类: | ||
| 主题词: | 水力施工--shui li shi gong--水力学 | |
| 电子资源: | ||
| ISBN: | 978-7-80708-249-1 | |
| 000 | 00949nam0 2200265 450 | |
| 001 | 012007564921 | |
| 005 | 20070930094843.62 | |
| 010 | @a978-7-80708-249-1@dCNY19.80 | |
| 100 | @a20070810d2007 km y0chiy0120 ea | |
| 101 | 0 | @achi |
| 102 | @aCN@b420000 | |
| 105 | @aak a 000yy | |
| 200 | 1 | @a实用施工水力学@Ashi yong shi gong shui li xue@f饶冠生, 李学海, 韩继斌编著@Frao guan sheng,li xue hai,han ji bin bian zhu |
| 210 | @a武汉@c长江出版社@d2007.04 | |
| 215 | @a235页@c图@d21cm | |
| 320 | @a有书目 (第235页)。 | |
| 330 | @a本书内容包括:施工导流基本理论,截流基本理论,施工水力模型试验,施工水力学数值模拟概论,水利水电工程施工期水情预报等。 | |
| 517 | 1 | @a施工水力学@Ashi gong shui li xue |
| 606 | 0 | @a水力施工@Ashui li shi gong@x水力学 |
| 690 | @aTV135.5@v4 | |
| 701 | 0 | @a李学海@Ali xue hai@4编著 |
| 701 | 0 | @a韩继斌@Ahan ji bin@4编著 |
| 701 | 0 | @a饶冠生@Arao guan sheng@4编著 |
| 801 | 0 | @aCN@c20070930 |
| 905 | @dTV135.5@eR078 | |
| 实用施工水力学/饶冠生, 李学海, 韩继斌编著.-武汉:长江出版社,2007.04 |
| 235页:图;21cm |
| ISBN 978-7-80708-249-1:CNY19.80 |
| 本书内容包括:施工导流基本理论,截流基本理论,施工水力模型试验,施工水力学数值模拟概论,水利水电工程施工期水情预报等。 |
| ● |
| 相关链接 |
|
|
|
正题名:实用施工水力学
索取号:TV135.5/R078
 
预约/预借
| 序号 | 登录号 | 条形码 | 馆藏地/架位号 | 状态 | 备注 |
| 1 | 256654 | 202566543 | 自科库501/501自科库 47排5列2层/ [索取号:TV135.5/R078] | 在馆 | |
| 2 | 256655 | 202566552 | 自科库501/501自科库 47排5列2层/ [索取号:TV135.5/R078] | 在馆 | |
| 3 | 256656 | 202566561 | 自科库501/501自科库 47排5列2层/ [索取号:TV135.5/R078] | 在馆 |